LEADER 01724nam 2200385 n 450 001 996392317003316 005 20200824121631.0 035 $a(CKB)4940000000107556 035 $a(EEBO)2240952659 035 $a(UnM)99861851e 035 $a(UnM)99861851 035 $a(EXLCZ)994940000000107556 100 $a19920723d1647 uy | 101 0 $aeng 135 $aurbn||||a|bb| 200 10$aTwo solemne covenants made between God and man$b[electronic resource] $eviz. [brace] the covenant of workes, and the covenant of grace. [brace] Clearly laid open, distinguished, and vindicated from many dangerous opinions; the right knowledge of which [sic] will be very profitable to all those that have escaped the first, and are confirmed in the second at the Sacrament. January 15. 1646. Imprimatur. John Downame 210 $aLondon, $cPrinted for Thomas Banks, and are to be sold in Blackfriers at the top of Bridewell staires and in Westminster Hall at the signe of the Seale$d1647 215 $a[2], 14, [16] p 300 $aAttributed to Edmund Calamy by Wing. 300 $aAnnotation on Thomason copy: "feb: 1st: 1646"; the 7 in imprint date crossed out. 300 $aReproduction of the original in the British Library. 330 $aeebo-0018 606 $aGrace (Theology)$vEarly works to 1800 606 $aGood works (Theology)$vEarly works to 1800 615 0$aGrace (Theology) 615 0$aGood works (Theology) 700 $aCalamy$b Edmund$f1600-1666.$01002065 801 0$bCu-RivES 801 1$bCu-RivES 801 2$bCStRLIN 801 2$bWaOLN 906 $aBOOK 912 $a996392317003316 996 $aTwo solemne covenants made between God and man$92416165 997 $aUNISA LEADER 04989 am 2201333 n 450 001 9910309939303321 005 20191231 010 $a88-5526-054-5 024 7 $a10.4000/books.ledizioni.9405 035 $a(CKB)4620000000000073 035 $a(FrMaCLE)OB-ledizioni-9405 035 $a(oapen)https://directory.doabooks.org/handle/20.500.12854/45384 035 $a(PPN)242886329 035 $a(EXLCZ)994620000000000073 100 $a20200129j|||||||| ||| 0 101 0 $aspa 135 $auu||||||m|||| 181 $ctxt$2rdacontent 182 $cc$2rdamedia 183 $acr$2rdacarrier 200 10$aDonde no habite el olvido $eHerencia y transmisión de testimonio en Argentina /$fGiuliana Calabrese, Emilia Perassi 210 $aMilano $cLedizioni$d2019 215 $a1 online resource (351 p.) 225 1 $aDi/Segni 311 $a88-6705-703-0 330 $aEn este libro se recogen los resultados de diversas investigaciones dedicadas al estudio del género testimonial, en particular a sus huellas en el tiempo. Tanto la vigencia como la herencia dejada por el testimonio son el eje de los estudios que aquí se reúnen, para explorar sobre todo los modos y las formas que asume la transmisión de la memoria cuarenta años después del fin de la dictadura cívico-militar en la Argentina. Los resultados de este proceso de investigación, que es a la vez profunda reflexión y posicionamiento, se presentan en este libro a través de un recorrido que abarca tanto la escritura de testimonios directos y la narrativa de los Hijos, como las prácticas testimoniales y de denuncia realizadas a través de recursos cinematográficos, artísticos y museales. La experiencia traumática se narra también a partir de la primera persona en los cuatro dosieres que cierran el volumen, en que los testigos (Mario Villani, Marco Bechis, Alicia Kozameh, Nora Strejilevich) siguen entregándonos sus palabras y visiones en formatos variados, desde sus propios textos a las entrevistas y las imágenes. 517 $aDonde no habite el olvido 606 $aHistory 606 $aLiterature 606 $acultura 606 $aspagnolo 606 $aUniversità 606 $aUniversità degli Studi di milano 606 $atestimonianza 606 $aArgentina 606 $adittatura 606 $aculture 606 $aspanish 606 $auniversity 606 $aUniversity of Milan 606 $atestimony 606 $adictatorship 606 $aespagnol 606 $auniversité 606 $aUniversité de Milan 606 $atémoignage 606 $aArgentine 606 $adictature 606 $atestimonio 606 $adidactura 606 $aespañol 606 $auniversidad 606 $aUniversidad de Milán 615 4$aHistory 615 4$aLiterature 615 4$acultura 615 4$aspagnolo 615 4$aUniversità 615 4$aUniversità degli Studi di milano 615 4$atestimonianza 615 4$aArgentina 615 4$adittatura 615 4$aculture 615 4$aspanish 615 4$auniversity 615 4$aUniversity of Milan 615 4$atestimony 615 4$adictatorship 615 4$aespagnol 615 4$auniversité 615 4$aUniversité de Milan 615 4$atémoignage 615 4$aArgentine 615 4$adictature 615 4$atestimonio 615 4$adidactura 615 4$aespañol 615 4$auniversidad 615 4$aUniversidad de Milán 700 $a(coord.)$b Fernando Reati$01291219 701 $aBechis$b Marco$0732533 701 $aBergero$b Adriana J$01291220 701 $aBerti$b Norma Victoria$01291221 701 $aBlanes$b Jaume Peris$01291222 701 $aBolte$b Rike$01291223 701 $aCalabrese$b Giuliana$01291224 701 $aCancellier$b Antonella$0533388 701 $aCasado Fernández$b Ana$01291225 701 $aFiorani$b Flavio$0542080 701 $aForcinito$b Ana$01291226 701 $aGiargia$b Caterina$01291227 701 $aKozameh$b Alicia$01291228 701 $aLerner$b Rosa Mary$01291229 701 $aMagnani$b Ilaria$0603850 701 $aPerassi$b Emilia$0458589 701 $aPfeiffer$b Erna$0679990 701 $aPrüfer Leske$b Irene$01291230 701 $aReati$b Fernando$0768142 701 $aRosier$b Marie$01291231 701 $aSantucho$b Julio$01291232 701 $aSarto$b Ana Del$01291233 701 $aSemilla Durán$b María A$01291234 701 $aStrejilevich$b Nora$01291235 701 $aTrigo$b Abril$01256780 701 $aVelasco$b Lucrecia$01291236 701 $aZarco$b Julieta$01291237 701 $aZuffi$b Griselda$01291238 701 $aCalabrese$b Giuliana$01291224 701 $aPerassi$b Emilia$0458589 801 0$bFR-FrMaCLE 906 $aBOOK 912 $a9910309939303321 996 $aDonde no habite el olvido$93021807 997 $aUNINA